|
|
|
|
| LEADER |
00000nam a22000007a 4500 |
| 005 |
2021022409579.0 |
| 007 |
cr|||| |||| |
| 008 |
210224s2012 us |||||s|||| 00||0 eng d |
| 020 |
|
|
|a 9781614385462
|
| 035 |
|
|
|a 31240
|
| 040 |
|
|
|a vLex
|
| 090 |
|
|
|c 11266
|d 11266
|
| 100 |
1 |
|
|a Orsi, Janelle
|
| 245 |
1 |
0 |
|a Practicing Law in the Sharing Economy
|h [Recurso electrn̤ico] :
|b Helping People Build Cooperatives, Social Enterprise, and Local Sustainable Economies /
|c Janelle Orsi
|
| 256 |
|
|
|a Servicio en ln̕ea
|
| 260 |
|
|
|a Chicago:
|b American Bar Association,
|c 2012
|
| 300 |
|
|
|a 1 recurso electrn̤ico
|
| 500 |
|
|
|a This in-depth book will help lawyers and others involved in the sharing economy contribute importantly to the creation of a world in which innumerable people have now decided they want to live.
|
| 506 |
1 |
|
|a Disponible solo en los productos indicados
|d vLex Global
|d vLex Global (Academic Edition, excluding Law Schools)
|d vLex Global (Academic Edition, Law Schools)
|
| 650 |
0 |
4 |
|a Abogados
|z Estados Unidos
|
| 650 |
0 |
4 |
|a Derecho Mercantil y de la Empresa
|z Estados Unidos
|
| 740 |
0 |
|
|a vLex Libros (Servicio en ln̕ea)
|
| 856 |
4 |
0 |
|u http://vlex.com/source/practicing-law-in-the-sharing-economy-helping-people-build-cooperatives-social-enterprise-and-local-sustainable-economies-31240
|z Acceso restringido
|
| 942 |
|
|
|c BOOK
|
| 999 |
0 |
|
|a Lawyers
|
| 999 |
0 |
|
|a Commercial and Company Law
|